<?xml version="1.0" encoding="UTF-8"?>
<marc:record xmlns:marc="http://www.loc.gov/MARC21/slim">
   <marc:leader>00000nam a2200000 a 4500</marc:leader>
   <marc:datafield ind1="1" ind2=" " tag="100">
      <marc:subfield code="a">Lorin, Jean ¬de¬</marc:subfield>
      <marc:subfield code="4">aut</marc:subfield>
      <marc:subfield code="e">Verfasser/-in</marc:subfield>
   </marc:datafield>
   <marc:datafield ind1="1" ind2=" " tag="100">
      <marc:subfield code="a">Deville, Claudius</marc:subfield>
   </marc:datafield>
   <marc:datafield ind1="1" ind2=" " tag="100">
      <marc:subfield code="a">Jacquinotius, Bartholomaeus</marc:subfield>
   </marc:datafield>
   <marc:datafield ind1="1" ind2=" " tag="100">
      <marc:subfield code="a">Vitellescus, Mutius</marc:subfield>
   </marc:datafield>
   <marc:datafield ind1="1" ind2=" " tag="100">
      <marc:subfield code="a">Cardon, Horace</marc:subfield>
   </marc:datafield>
   <marc:datafield ind1="1" ind2=" " tag="100">
      <marc:subfield code="a">Mesmes, Henri de</marc:subfield>
   </marc:datafield>
   <marc:datafield ind1=" " ind2=" " tag="653">
      <marc:subfield code="a">f||Kommentar</marc:subfield>
   </marc:datafield>
   <marc:datafield ind1=" " ind2=" " tag="653">
      <marc:subfield code="a">t||Jakobusbrief</marc:subfield>
   </marc:datafield>
   <marc:datafield ind1=" " ind2=" " tag="653">
      <marc:subfield code="a">t||Judasbrief</marc:subfield>
   </marc:datafield>
   <marc:datafield ind1=" " ind2=" " tag="653">
      <marc:subfield code="a">$aBiblia - N.T - Epístolas - Comentarios</marc:subfield>
   </marc:datafield>
   <marc:datafield ind1="0" ind2="0" tag="245">
      <marc:subfield code="a">Ioannis Lorini Ex Societate Iesv In Catholicas BB. Iacobi Et Ivdae Apostolorum Epistolas Commentarij</marc:subfield>
   </marc:datafield>
   <marc:datafield ind1="0" ind2="0" tag="245">
      <marc:subfield code="b">Accedunt duo Indices: unus locorum sacrae Scripturae brevißimus; alter vero cuiuscumque generis verborum, sententiarumque absolutissimus.</marc:subfield>
   </marc:datafield>
   <marc:datafield ind1=" " ind2="1" tag="264">
      <marc:subfield code="a">Lugduni</marc:subfield>
      <marc:subfield code="b">Cardon</marc:subfield>
      <marc:subfield code="c">1619</marc:subfield>
   </marc:datafield>
   <marc:datafield ind1=" " ind2=" " tag="250">
      <marc:subfield code="a">Nunc primum in lucem evulgati</marc:subfield>
   </marc:datafield>
   <marc:datafield ind1="1" ind2=" " tag="520">
      <marc:subfield code="a">Erscheinungsvermerk lt. Vorlage: Lvgdvni, || Sumptibus Horatij Cardon. || M. DCXIX. Vermerk am Titelbl. Collegii Soc. Jesv Oeniponti 1619 14. Junij. Bibliotheksmarke auf der Innenseite des vorderen BD "Ad Bibliothecam P. P. Capucinorum Oeniponte 28 (2)". Druckermarke am Titelbl. http://zentralbibliothek.kapuziner.at/kupferstiche/provinzbibliothek/provinzbibliothek_3643.jpg, Zierkupferstiche und ill. Initialen im Text, Schweinsledereinband auf Buchdeckeln aus Holz, Leder der Buchdeckel mit Streicheisenlinien und fleuralen Bordüren (Zopfmuster) und Strängen verziert, Buchrücken mit 5 Bünden, Titelschild "LORINI || COMMENTAR. || in Epistolas || Jacobi et Judae.", Aufschriften "In || Epist. BB. App. || Jacobi Et Ju- || dae Catho. || Comment." und "FA" und Signaturschild " 28 (2), 2 rechteckige gravierte Messingschließen mit Lederscharnieren.</marc:subfield>
   </marc:datafield>
   <marc:datafield ind1=" " ind2=" " tag="500">
      <marc:subfield code="a">Titelbl. in Rot- und Schwarzdr.</marc:subfield>
   </marc:datafield>
   <marc:datafield ind1=" " ind2=" " tag="300">
      <marc:subfield code="a">[8] Bl., 424 S., [39] Bl.; 36,5 cm</marc:subfield>
   </marc:datafield>
</marc:record>
